00990cam a2200289 a 4500001000700000003001200007005001700019008004100036010001700077020001500094040002200109043001200131050002300143082002000166245010600186260004600292300002100338504006400359650004300423651004600466651004200512651002700554651004000581651002500621700002700646700002700673655460NUST - PNEC20170116181112.0941027s1995 enk b 001 0 eng  a 94060878  a1850439052 aDLCcLIBRARYdDLC aa-ir---00aDS318.81b.I7 199500a955.054 RAH22000aIran after the revolution :bcrisis of an Islamic state /cedited by Saeed Rahnema and Sohrab Behdad. aLondon ;aNew York :bI.B. Tauris,c1995. a292 p. ;c22 cm. aIncludes bibliographical references (p. 269-279) and index. 0aIndustrial policyzIran.xgeneral book 0aIranxPolitics and governmenty1979-1997. 0aIranxEconomic conditionsy1979-1997. 0aIranxEconomic policy. 0aIranzSocial conditionsy1979-1997. 0aIranxSocial policy.1 aRahnema, Saeed,d1942-1 aBehdad, Sohrab,d1943-